Online Catalogue and eLibrary

From man to man or perhaps only (Record no. 3322)

MARC details
000 -LEADER
fixed length control field 00431nam a2200181Ia 4500
005 - DATE AND TIME OF LATEST TRANSACTION
control field 20241114020632.0
008 - FIXED-LENGTH DATA ELEMENTS--GENERAL INFORMATION
fixed length control field 240331s9999 xx 000 0 und d
020 ## - INTERNATIONAL STANDARD BOOK NUMBER
ISBN 086068301X
082 ## - DDC Classification
Item Number - Author Mark SCH
Class No. 823
100 ## - MAIN ENTRY--PERSONAL NAME
Personal name Schreiner, O
245 #0 - TITLE STATEMENT
Title From man to man or perhaps only
260 ## - PUBLICATION, DISTRIBUTION, ETC.
Place of publication, distribution, etc. London
Name of publisher, distributor, etc. Virago Press Limited
Date of publication, distribution, etc. 1982
300 ## - PHYSICAL DESCRIPTION
Extent (e.g. Volumes, Pages etc.) xvii, 507
650 ## - SUBJECT ADDED ENTRY--TOPICAL TERM
Topical term or geographic name entry element Female
650 ## - SUBJECT ADDED ENTRY--TOPICAL TERM
Topical term or geographic name entry element Sexuality
650 ## - SUBJECT ADDED ENTRY--TOPICAL TERM
Topical term or geographic name entry element Gender
942 ## - Koha item type (Biblio)
Koha item type Books in Stacks (Lending)
Holdings
Lost status Damaged status Collection code Home library Current library Shelving location Date acquired Full call number Accession Number Item type
    Lending WERC Library WERC Library Social Science Cupboard 03/31/2024 823 SCH 89 Books in Stacks (Lending)

© WERC Library